000 00735nam a2200253Ia 4500
003 OSt
005 20220923211041.0
006 a|||||r|||| 00| 0
007 ta
008 Pun
020 _a8173291713 (hbk)
024 _a234,977
037 _cTextual
040 _aARTS
_cARTS
_bPun
041 _2Pun
_aPun
082 _aO153:g, P5
100 _aਸੁਤਿੰਦਰ ਸਿੰਘ ਨੂਰ
_9157609
245 0 _aਸਮਕਾਲੀ ਸਾਹਿਤ ਸੰਵਾਦ
260 _aਦਿੱਲੀ
_b Fਿਲਾਲੇਖ
_c2005
300 _a160ਪੰ
_ccm.
650 _aਪੰਜਾਬੀ ਸਾਹਿਤ
942 _hO153:g, P5
_cTEXL
_2CC
999 _c294500
_d294500